Luật kinh doanh bất động sản

Giới thiệu toàn văn Luật Kinh doanh bất động sản gồm các quy định chung và quy định cụ thể về kinh doanh bất động sản có sẵn; kinh doanh bất động sản hình thành trong tương lai; kinh doanh dịch vụ bất động sản; quản lý nhà nước về kinh doanh bất động sản và điều khoản thi hành...

全面介紹

Đã lưu trong:
書目詳細資料
語言:Undetermined
出版: Hà Nội Chính trị Quốc gia - Sự thật 2014
主題:
標簽: 添加標簽
沒有標簽, 成為第一個標記此記錄!
Thư viện lưu trữ: Trung tâm Học liệu Trường Đại học Trà Vinh
LEADER 00926nam a2200205Ia 4500
001 TVU_22015
008 210423s9999 xx 000 0 und d
020 |a 9786045712139 
041 |a Vie 
082 |a 346.597043702632 
082 |b L504 
245 0 |a Luật kinh doanh bất động sản 
260 |a Hà Nội 
260 |b Chính trị Quốc gia - Sự thật 
260 |c 2014 
300 |a 78 tr. 
300 |c 19 cm 
520 |a Giới thiệu toàn văn Luật Kinh doanh bất động sản gồm các quy định chung và quy định cụ thể về kinh doanh bất động sản có sẵn; kinh doanh bất động sản hình thành trong tương lai; kinh doanh dịch vụ bất động sản; quản lý nhà nước về kinh doanh bất động sản và điều khoản thi hành 
650 |a Kinh doanh bất động sản; Bất động sản 
980 |a Trung tâm Học liệu Trường Đại học Trà Vinh